00413pab a2200133 454500008004000000100001700040245007500057260000900132300001300141362001200154650004100166650002100207773005100228180718b2011 xxu||||| |||| 00| 0 eng d aGehlot, N.S. aGujjars' agitation in Rajasthan: Politics behind reservations's demand c2011 ap.53-55. aJan-Jun aBackward classes - India - Rajasthan aBackward classes aSouth Asian Journal of Socio-Political Studies